[Event "BL 1516 Hamburger SK - Erfurter SK"]
[Site "?"]
[Date "2016.03.12"]
[Round "10.2"]
[White "Bauer, Christian"]
[Black "Votava, Jan"]
[Result "1-0"]
[WhiteElo "2644"]
[BlackElo "2526"]
[PlyCount "83"]
[EventDate "2016.??.??"]

1. e4 e5 2. Nf3 Nc6 3. d4 exd4 4. Nxd4 Bc5 5. Nb3 Bb6 6. Nc3 d6 7. Qe2 Nge7 8.
Bg5 f6 9. Be3 O-O 10. O-O-O f5 11. f4 fxe4 12. g3 Bxe3+ 13. Qxe3 Nf5 14. Bc4+
Kh8 15. Qe2 e3 16. Rhg1 a5 17. a4 Nh6 18. Qxe3 Nb4 19. Rge1 Bg4 20. Be2 Re8 21.
Qd2 Bf5 22. Nd4 Bg6 23. Bf3 c5 24. Rxe8+ Qxe8 25. Ndb5 Nxc2 26. b3 Qf7 27. Kb2
Nb4 28. Qxd6 Bc2 29. Bd5 Qh5 30. Rd2 Nf5 31. Qc7 Ne3 32. Bf7 g6 33. Qe7 Ng4 34.
Nc7 Nc6 35. Qg5 Qxg5 36. fxg5 Rf8 37. Bd5 Bf5 38. Ne4 Bxe4 39. Bxe4 Rf2 40.
Rxf2 Nxf2 41. Bxc6 bxc6 42. Ne6 1-0

[Event "BL 1516 Hamburger SK - Erfurter SK"]
[Site "?"]
[Date "2016.03.12"]
[Round "10.3"]
[White "Haba, Petr"]
[Black "Miton, Kamil"]
[Result "1/2-1/2"]
[WhiteElo "2490"]
[BlackElo "2628"]
[PlyCount "67"]
[EventDate "2016.??.??"]

1. d4 d5 2. c4 c6 3. cxd5 cxd5 4. Nc3 Nf6 5. Bf4 Nc6 6. e3 Bf5 7. Qb3 Na5 8.
Qa4+ Bd7 9. Qc2 Rc8 10. Bd3 e6 11. Nf3 Be7 12. O-O Nc6 13. a3 Nh5 14. Be5 f6
15. Bg3 Nxg3 16. fxg3 f5 17. g4 g6 18. gxf5 gxf5 19. Qf2 O-O 20. Ne2 Bd6 21.
Nf4 Kh8 22. Bb5 Qf6 23. Bxc6 Bxc6 24. Rfc1 Rc7 25. Qh4 Qxh4 26. Nxh4 Re7 27.
Nf3 e5 28. dxe5 Bxe5 29. Nxe5 Rxe5 30. Re1 Rfe8 31. Kf2 Bb5 32. Rad1 Bc4 33.
Rd4 a5 34. g3 1/2-1/2

[Event "BL 1516 Hamburger SK - Erfurter SK"]
[Site "?"]
[Date "2016.03.12"]
[Round "10.4"]
[White "Svane, Rasmus"]
[Black "Braeuer, Franz"]
[Result "1-0"]
[WhiteElo "2528"]
[BlackElo "2421"]
[PlyCount "163"]
[EventDate "2016.??.??"]

1. Nf3 d5 2. d4 Nf6 3. c4 e6 4. Nc3 c6 5. e3 Nbd7 6. Qc2 Bd6 7. Bd3 O-O 8. O-O
dxc4 9. Bxc4 a6 10. Rd1 b5 11. Bd3 Bb7 12. Ng5 h6 13. Nge4 Be7 14. a3 a5 15. b3
Qb8 16. Bb2 Rc8 17. Nxf6+ Nxf6 18. Qe2 Nd5 19. Ne4 b4 20. a4 c5 21. dxc5 Bxc5
22. Qh5 Be7 23. Bc4 Rxc4 24. bxc4 Nxe3 25. Rd7 Bxe4 26. Rxe7 Qf8 27. Rc7 Bg6
28. Qe5 Ng4 29. Qg3 Qd8 30. Rb7 Qd2 31. Bxg7 Kxg7 32. Qxg4 Rc8 33. Qxe6 Qc3 34.
Rf1 Rxc4 35. Qe8 Rc8 36. Qd7 Qc2 37. h4 h5 38. Re1 Rc4 39. Rb8 Rf4 40. Rf1 Qc3
41. Qd8 Kh7 42. Qxa5 Rxh4 43. Qd8 Rg4 44. Qg8+ Kh6 45. Qf8+ Kh7 46. a5 b3 47.
Qg8+ Kh6 48. Qf8+ Kh7 49. Qg8+ Kh6 50. Qh8+ Qxh8 51. Rxh8+ Kg7 52. Rb8 Ra4 53.
Rxb3 Rxa5 54. Rb4 Kf6 55. Rd1 Kg5 56. Rbd4 Kf6 57. R1d2 Ra1+ 58. Kh2 Rb1 59.
Rd6+ Ke7 60. Kg3 Rb4 61. R6d4 Rb5 62. Kh4 Rf5 63. f3 Kf6 64. Rd5 Rf4+ 65. Kg3
Rb4 66. Rd6+ Ke7 67. R6d4 Rb5 68. Kh4 Kf6 69. Rd6+ Kg7 70. Re2 Rb4+ 71. Kg3 Rb3
72. Re5 Kh6 73. Rd4 Ra3 74. Kh2 Ra6 75. f4 Rf6 76. Kg3 Bf5 77. Kh4 Bg4 78. Rg5
Ra6 79. Rd8 Rg6 80. Rh8+ Kg7 81. Rhxh5 Bxh5 82. Kxh5 1-0

[Event "BL 1516 Hamburger SK - Erfurter SK"]
[Site "?"]
[Date "2016.03.12"]
[Round "10.5"]
[White "Machelett, Heiko"]
[Black "Hansen, Sune Berg"]
[Result "0-1"]
[WhiteElo "2410"]
[BlackElo "2578"]
[PlyCount "70"]
[EventDate "2016.??.??"]

1. d4 Nf6 2. Nf3 d5 3. c4 e6 4. Nc3 c6 5. e3 Nbd7 6. Qc2 Bd6 7. Bd3 dxc4 8.
Bxc4 O-O 9. O-O e5 10. h3 h6 11. a3 Re8 12. Ba2 a6 13. Rd1 Qc7 14. dxe5 Nxe5
15. Nd4 b5 16. Nf5 Bf8 17. Bd2 Be6 18. Bxe6 Rxe6 19. Rac1 c5 20. a4 Qb7 21. Ne2
b4 22. b3 Rc8 23. Be1 c4 24. f4 Ned7 25. Ned4 Ree8 26. bxc4 g6 27. Nh4 Nc5 28.
Nxg6 fxg6 29. Qxg6+ Qg7 30. Qxg7+ Bxg7 31. Bxb4 Rxe3 32. Nf5 Re6 33. a5 Bf8 34.
Bc3 Nfe4 35. Be5 Nb3 0-1

[Event "BL 1516 Hamburger SK - Erfurter SK"]
[Site "?"]
[Date "2016.03.12"]
[Round "10.6"]
[White "Ftacnik, Lubomir"]
[Black "Enders, Peter"]
[Result "1/2-1/2"]
[WhiteElo "2544"]
[BlackElo "2454"]
[PlyCount "61"]
[EventDate "2016.??.??"]

1. Nf3 Nf6 2. c4 e6 3. g3 c5 4. Bg2 Be7 5. O-O O-O 6. Nc3 a6 7. b3 d6 8. Bb2
Qc7 9. d4 cxd4 10. Nxd4 Nc6 11. e3 Bd7 12. Rc1 Qa5 13. Qd2 Rab8 14. Rfd1 Qh5
15. Nce2 Rfc8 16. Nf4 Qh6 17. Nd3 Nxd4 18. exd4 Qxd2 19. Rxd2 Bc6 20. Rdc2 Bxg2
21. Kxg2 h6 22. d5 exd5 23. Bxf6 Bxf6 24. cxd5 Rxc2 25. Rxc2 Kf8 26. Kf3 Ke8
27. h4 Kd7 28. Rc4 Rf8 29. Rc2 Re8 30. Rc4 Rf8 31. Rc2 1/2-1/2

[Event "BL 1516 Hamburger SK - Erfurter SK"]
[Site "?"]
[Date "2016.03.12"]
[Round "10.7"]
[White "Voekler, Bernd"]
[Black "Kollars, Dmitrij"]
[Result "1/2-1/2"]
[WhiteElo "2355"]
[BlackElo "2445"]
[PlyCount "58"]
[EventDate "2016.??.??"]

1. e4 e5 2. Nf3 Nc6 3. Bb5 a6 4. Ba4 Nf6 5. O-O Bc5 6. c3 b5 7. Bb3 d6 8. d4
Bb6 9. Qd3 Bg4 10. Bg5 h6 11. Bxf6 Qxf6 12. a4 Rb8 13. axb5 axb5 14. Bd5 Bd7
15. Na3 exd4 16. Bxc6 Bxc6 17. Nxd4 Bxd4 18. cxd4 b4 19. Qc2 O-O 20. Qxc6 bxa3
21. bxa3 Qxd4 22. Qxc7 Rfc8 23. Qd7 Rc2 24. Rad1 Qxe4 25. Qxd6 Rbb2 26. Qd8+
Kh7 27. Qd3 Qxd3 28. Rxd3 Ra2 29. g4 Rc4 1/2-1/2

[Event "BL 1516 Hamburger SK - Erfurter SK"]
[Site "?"]
[Date "2016.03.12"]
[Round "10.8"]
[White "Carlstedt, Jonathan"]
[Black "Casper, Thomas"]
[Result "1-0"]
[WhiteElo "2453"]
[BlackElo "2386"]
[PlyCount "73"]
[EventDate "2016.??.??"]

1. d4 Nf6 2. c4 d6 3. Nf3 g6 4. g3 Bg7 5. Bg2 O-O 6. O-O Ne4 7. Qc2 f5 8. b3
Nc6 9. Bb2 e5 10. d5 Nb4 11. Qc1 a5 12. a3 Na6 13. b4 Bd7 14. Nc3 Nxc3 15. Bxc3
Qe7 16. Rb1 axb4 17. axb4 Rae8 18. c5 e4 19. Bxg7 Qxg7 20. Nd2 Bb5 21. Re1 Qd4
22. Nb3 Qxd5 23. Rd1 Qc4 24. Nd4 Qxc1 25. Rdxc1 Bd7 26. e3 dxc5 27. bxc5 Re5
28. Rxb7 Rxc5 29. Rcb1 Bc8 30. Ra7 Rc3 31. Bf1 c5 32. Nb5 Rd3 33. Bxd3 exd3 34.
Nc3 c4 35. Rb6 Rd8 36. Rc6 d2 37. Ra8 1-0

[Event "BL 1516 Turm Emsdetten - OSG Baden Bade"]
[Site "?"]
[Date "2016.03.12"]
[Round "10.1"]
[White "Adams, Michael"]
[Black "Mchedlishvili, Mikheil"]
[Result "1/2-1/2"]
[WhiteElo "2727"]
[BlackElo "2615"]
[PlyCount "109"]
[EventDate "2016.??.??"]

1. e4 e5 2. Nf3 Nc6 3. Bb5 a6 4. Ba4 Nf6 5. O-O Be7 6. d3 d6 7. c3 O-O 8. Re1
b5 9. Bc2 Re8 10. d4 exd4 11. cxd4 Nb4 12. Bb3 c5 13. a3 Nc6 14. h3 cxd4 15.
Nxd4 Nxd4 16. Qxd4 Be6 17. Bxe6 fxe6 18. e5 dxe5 19. Qxe5 Bd6 20. Qe2 Rc8 21.
Nc3 Bb8 22. g3 Qd4 23. Bg5 Qc4 24. Rad1 Qxe2 25. Rxe2 Kf7 26. Kg2 Red8 27. Rde1
Re8 28. Kf3 Bd6 29. Ne4 Nxe4 30. Rxe4 Rc5 31. Rd1 Rd5 32. Rxd5 exd5 33. Rxe8
Kxe8 34. Bf4 Be7 35. Be5 Kf7 36. Ke3 Bc5+ 37. Bd4 Bd6 38. f4 g6 39. g4 Ke6 40.
Bc3 Bc5+ 41. Bd4 Bd6 42. Bc3 Bc5+ 43. Kd3 Bd6 44. Bd2 Be7 45. Bb4 Bd8 46. Bc5
Bf6 47. b3 h5 48. a4 hxg4 49. hxg4 bxa4 50. bxa4 Bg7 51. Bd4 Bf8 52. Kc3 Bd6
53. Be3 Be7 54. Kd4 Bd6 55. f5+ 1/2-1/2

[Event "BL 1516 Turm Emsdetten - OSG Baden Bade"]
[Site "?"]
[Date "2016.03.12"]
[Round "10.2"]
[White "Yilmaz, Mustafa"]
[Black "Wojtaszek, Radoslaw"]
[Result "0-1"]
[WhiteElo "2594"]
[BlackElo "2713"]
[PlyCount "104"]
[EventDate "2016.??.??"]

1. d4 Nf6 2. c4 e6 3. Nf3 b6 4. g3 Ba6 5. b3 d5 6. Bg2 Bb4+ 7. Bd2 Be7 8. Nc3
O-O 9. cxd5 exd5 10. O-O Re8 11. Qc2 Bb7 12. Rfd1 Na6 13. a3 c5 14. Bf4 h6 15.
dxc5 Nxc5 16. Nd4 Qd7 17. Rac1 Rac8 18. Qb2 Bf8 19. b4 Nce4 20. Qb3 Nxc3 21.
Rxc3 Rxc3 22. Qxc3 Ba6 23. Qb2 Bc4 24. Re1 a5 25. Bd2 Qa4 26. f3 Ra8 27. Bc3
Ne8 28. Qc2 axb4 29. axb4 Bxb4 30. Qxa4 Rxa4 31. Bxb4 Rxb4 32. Ra1 Nc7 33. Bh3
g6 34. Bd7 Ba6 35. e3 Rb2 36. Bc6 Kf8 37. e4 Rd2 38. Nb3 Rd3 39. Bxd5 Nxd5 40.
Rxa6 Nb4 41. Ra8+ Ke7 42. Na1 Rxf3 43. Ra4 Nc6 44. Ra6 Nd4 45. Kg2 Rd3 46. Rxb6
Ra3 47. Rb4 Ra2+ 48. Kh3 Nf3 49. Rb7+ Kf6 50. Rb6+ Kg5 51. Rb5+ f5 52. g4 Kf4
0-1

[Event "BL 1516 Turm Emsdetten - OSG Baden Bade"]
[Site "?"]
[Date "2016.03.12"]
[Round "10.3"]
[White "Shirov, Alexei"]
[Black "Burg, Twan"]
[Result "1-0"]
[WhiteElo "2685"]
[BlackElo "2501"]
[PlyCount "63"]
[EventDate "2016.??.??"]

1. e4 e5 2. Nf3 Nc6 3. Bb5 Nf6 4. O-O Nxe4 5. Re1 Nd6 6. Nxe5 Be7 7. Bf1 Nf5 8.
Nf3 O-O 9. d4 d5 10. c3 Bd6 11. Bd3 h6 12. Nbd2 Be6 13. Ne5 Nxe5 14. dxe5 Bc5
15. Nf3 f6 16. b4 Bb6 17. g4 fxe5 18. Bxf5 Bxf5 19. gxf5 e4 20. Nd4 Qh4 21. Re3
Bxd4 22. Qxd4 Rxf5 23. Rg3 Qf6 24. Be3 a5 25. bxa5 Rxa5 26. Qb4 Qa6 27. Qe7 Rf7
28. Qe8+ Rf8 29. Qe5 Rf6 30. Bxh6 d4 31. Rxg7+ Kf8 32. Qe7# 1-0

[Event "BL 1516 Turm Emsdetten - OSG Baden Bade"]
[Site "?"]
[Date "2016.03.12"]
[Round "10.4"]
[White "Hector, Jonny"]
[Black "Bacrot, Etienne"]
[Result "0-1"]
[WhiteElo "2489"]
[BlackElo "2701"]
[PlyCount "78"]
[EventDate "2016.??.??"]

1. e4 e5 2. Nf3 Nc6 3. Nc3 Nf6 4. d4 exd4 5. Nxd4 Bb4 6. Nxc6 bxc6 7. Bd3 O-O
8. O-O d5 9. exd5 cxd5 10. h3 c6 11. Qf3 Re8 12. Bf4 Bd6 13. Rfe1 Be6 14. Na4
c5 15. b3 c4 16. Bf1 Rc8 17. Rad1 Bxf4 18. Qxf4 Qa5 19. Qd4 Ne4 20. Re3 Nd6 21.
Qf4 Nf5 22. Re5 Ne7 23. Qe3 Qc7 24. Qe1 Ng6 25. Re3 Red8 26. b4 Bf5 27. Qc3 Bd3
28. Qb2 d4 29. Rg3 Bxf1 30. Rxf1 Rb8 31. c3 Qc6 32. Qa3 Nf4 33. Rf3 Ne2+ 34.
Kh1 a5 35. bxa5 d3 36. Nb6 Re8 37. Rd1 Re4 38. Qb4 h5 39. a4 Rf4 0-1

[Event "BL 1516 Turm Emsdetten - OSG Baden Bade"]
[Site "?"]
[Date "2016.03.12"]
[Round "10.5"]
[White "Vallejo Pons, Francisco"]
[Black "Janssen, Ruud"]
[Result "1-0"]
[WhiteElo "2677"]
[BlackElo "2491"]
[PlyCount "77"]
[EventDate "2016.??.??"]

1. e4 e5 2. Nf3 Nc6 3. Bb5 a6 4. Ba4 Nf6 5. d3 d6 6. c3 g6 7. O-O Bg7 8. Re1
O-O 9. h3 Re8 10. Be3 b5 11. Bc2 a5 12. Nbd2 a4 13. d4 exd4 14. cxd4 h6 15. Bd3
Ba6 16. Rc1 Nb4 17. Bb1 Bb7 18. a3 Na6 19. Bd3 c6 20. Bf4 Nc7 21. Qc2 Ne6 22.
Bh2 d5 23. Be5 Qb6 24. exd5 cxd5 25. b4 Rac8 26. Qb2 Rxc1 27. Rxc1 Rc8 28. Rc5
Bc6 29. Bxb5 Nxc5 30. dxc5 Qxb5 31. Bxf6 Bxf6 32. Qxf6 Qe2 33. Ne5 Be8 34. Ndf3
d4 35. Ng4 d3 36. Nxh6+ Kh7 37. Ng4 Kg8 38. Ng5 Kf8 39. Nh6 1-0

[Event "BL 1516 Turm Emsdetten - OSG Baden Bade"]
[Site "?"]
[Date "2016.03.12"]
[Round "10.6"]
[White "Fiebig, Thomas"]
[Black "Naiditsch, Arkadij"]
[Result "0-1"]
[WhiteElo "2432"]
[BlackElo "2673"]
[PlyCount "114"]
[EventDate "2016.??.??"]

1. e4 e6 2. d4 d5 3. exd5 exd5 4. c4 Nf6 5. Nc3 Be7 6. Nf3 O-O 7. cxd5 Nxd5 8.
Bd3 Be6 9. O-O Nd7 10. Re1 c6 11. a3 Re8 12. Qc2 Nf8 13. Ne4 Bf5 14. Bg5 Ne6
15. Bxe7 Rxe7 16. Nc5 Bxd3 17. Qxd3 Ndf4 18. Qc4 Qd6 19. g3 Nd5 20. Re2 Rae8
21. Rae1 h6 22. b4 Ndf4 23. Re4 Nd5 24. R4e2 a6 25. Kf1 Nb6 26. Qc3 Qd5 27. Kg1
Nc4 28. Nxe6 Rxe6 29. Rxe6 Rxe6 30. Rxe6 Qxe6 31. Ne5 Nd6 32. Qc5 f6 33. Nd3
Nc4 34. a4 Nd2 35. Qc1 Nf3+ 36. Kg2 Nxd4 37. Qf4 Qd5+ 38. f3 Nc2 39. Nc5 Qa2
40. Kh3 b6 41. Nxa6 Qxa4 42. Qc4+ Kh8 43. Qe4 Nd4 44. Qxd4 Qxa6 45. g4 Qe2 46.
Qxb6 Qxf3+ 47. Kh4 Kh7 48. Qc7 Qg2 49. h3 Qf2+ 50. Kh5 Qe3 51. Kh4 Qe1+ 52. Kh5
Qe5+ 53. Qxe5 fxe5 54. g5 g6+ 55. Kg4 hxg5 56. Kxg5 Kg7 57. h4 Kf7 0-1

[Event "BL 1516 Turm Emsdetten - OSG Baden Bade"]
[Site "?"]
[Date "2016.03.12"]
[Round "10.7"]
[White "Nisipeanu, Liviu-Dieter"]
[Black "Richter, Christian"]
[Result "1-0"]
[WhiteElo "2660"]
[BlackElo "2358"]
[PlyCount "141"]
[EventDate "2016.??.??"]

1. d4 Nf6 2. Nf3 g6 3. Bf4 Bg7 4. e3 d6 5. h3 O-O 6. Be2 c5 7. O-O b6 8. Nbd2
Bb7 9. c3 Nbd7 10. a4 cxd4 11. exd4 a6 12. Bh2 Nd5 13. Re1 Bh6 14. Bf1 Re8 15.
Qb3 Qc7 16. Ne4 N5f6 17. Nfg5 Bd5 18. c4 Nxe4 19. Nxe4 Bxe4 20. Rxe4 e6 21. a5
bxa5 22. Qc3 Bg7 23. Qxa5 Qb7 24. Re2 e5 25. c5 dxc5 26. dxc5 Nb8 27. Rd2 Nc6
28. Qb6 Qxb6 29. cxb6 Reb8 30. Rd6 Rxb6 31. Rc1 Rc8 32. g4 Bf8 33. Rd7 Nb8 34.
Rxc8 Nxd7 35. Rc7 Rd6 36. b4 Rd1 37. Rb7 Rd4 38. Bxa6 Bxb4 39. Bb5 Nf8 40. Bxe5
Re4 41. f4 Bc5+ 42. Kg2 Rb4 43. Kf3 Ne6 44. Rb8+ Nf8 45. g5 Be7 46. h4 Bc5 47.
Ke2 Be7 48. Re8 Bc5 49. Bc6 Rb6 50. Rc8 Ba3 51. Kd3 Be7 52. Kc4 Ba3 53. Kd5 Ra6
54. Bd4 Ra5+ 55. Ke4 Ra6 56. Bb5 Re6+ 57. Kf3 Bd6 58. Rd8 Bb4 59. Ra8 Re7 60.
Be5 Bc5 61. Bc4 Bb4 62. Kg4 Bc5 63. h5 Rd7 64. Rc8 Bb4 65. f5 Re7 66. Bf6 gxf5+
67. Kxf5 Re3 68. Bd4 Rf3+ 69. Kg4 Ra3 70. g6 hxg6 71. hxg6 1-0

[Event "BL 1516 Turm Emsdetten - OSG Baden Bade"]
[Site "?"]
[Date "2016.03.12"]
[Round "10.8"]
[White "van Foreest, Lucas"]
[Black "Schlosser, Philipp"]
[Result "1/2-1/2"]
[WhiteElo "2345"]
[BlackElo "2570"]
[PlyCount "60"]
[EventDate "2016.??.??"]

1. e4 c5 2. Nf3 e6 3. c3 d5 4. exd5 Qxd5 5. d4 Nf6 6. Na3 Qd8 7. Nc4 Nc6 8.
Nce5 Nxe5 9. Nxe5 a6 10. Be3 Qc7 11. Qa4+ Bd7 12. Nxd7 Nxd7 13. Be2 O-O-O 14.
O-O Nb6 15. Qa5 Nd5 16. Qxc7+ Kxc7 17. Rad1 Nxe3 18. fxe3 f6 19. Bc4 Re8 20.
Rd2 Bd6 21. Rfd1 Re7 22. Kf2 f5 23. g3 g5 24. Kg2 h5 25. e4 cxd4 26. cxd4 fxe4
27. Re2 e5 28. Rxe4 exd4 29. Rxe7+ Bxe7 30. Rxd4 Bf6 1/2-1/2

[Event "BL 1516 Werder Bremen - Bayern München"]
[Site "?"]
[Date "2016.03.12"]
[Round "10.1"]
[White "Bischoff, Klaus"]
[Black "Fressinet, Laurent"]
[Result "0-1"]
[WhiteElo "2509"]
[BlackElo "2688"]
[PlyCount "56"]
[EventDate "2016.??.??"]

1. Nf3 d5 2. d3 g6 3. Nbd2 Bg7 4. e4 c5 5. exd5 Qxd5 6. g3 Nf6 7. Bg2 Qe6+ 8.
Qe2 Nc6 9. Nb3 Qxe2+ 10. Kxe2 Nd7 11. c3 Rb8 12. Bf4 e5 13. Be3 b6 14. Nfd2 Bb7
15. Ne4 O-O 16. g4 Ne7 17. g5 Nd5 18. Nbd2 Nf4+ 19. Bxf4 exf4 20. Nc4 b5 21.
Ncd6 Ba8 22. Rhd1 Be5 23. Bh3 Rfd8 24. d4 cxd4 25. cxd4 Bxd6 26. Nxd6 Nf8 27.
Nxf7 Kxf7 28. Rac1 Ne6 0-1

[Event "BL 1516 Werder Bremen - Bayern München"]
[Site "?"]
[Date "2016.03.12"]
[Round "10.2"]
[White "McShane, Luke J"]
[Black "Fedorovsky, Michael"]
[Result "0-1"]
[WhiteElo "2676"]
[BlackElo "2463"]
[PlyCount "102"]
[EventDate "2016.??.??"]

1. e4 c5 2. Nf3 d6 3. d4 cxd4 4. Nxd4 Nf6 5. Nc3 g6 6. Be3 Bg7 7. f3 O-O 8. Qd2
Nc6 9. g4 Be6 10. O-O-O Nxd4 11. Bxd4 Qa5 12. a3 Rfc8 13. h4 Rab8 14. Nd5 Qxd2+
15. Rxd2 Nxd5 16. exd5 Bxd5 17. Bxg7 Bxf3 18. Rh3 Bxg4 19. Rg3 Kxg7 20. Rxg4
Rc7 21. a4 f5 22. Rgd4 Kf6 23. b3 Rbc8 24. Kb2 Rc5 25. c4 Re5 26. Bd3 a5 27.
Kc3 h6 28. b4 g5 29. hxg5+ hxg5 30. bxa5 Rxa5 31. Kb4 Rca8 32. Bc2 g4 33. Rd5
Rxd5 34. Rxd5 e6 35. Rxd6 g3 36. Rd2 Rg8 37. Rg2 Ke5 38. Kc5 Kf4 39. Bd1 e5 40.
Kb6 Rg7 41. a5 Ke3 42. c5 f4 43. a6 bxa6 44. c6 f3 45. c7 Rxc7 46. Rxg3 Rf7 47.
Kxa6 e4 48. Rh3 Kd2 49. Bb3 f2 50. Rh2 Kc3 51. Rh3+ Rf3 0-1

[Event "BL 1516 Werder Bremen - Bayern München"]
[Site "?"]
[Date "2016.03.12"]
[Round "10.3"]
[White "Dragnev, Valentin"]
[Black "Efimenko, Zahar"]
[Result "0-1"]
[WhiteElo "2436"]
[BlackElo "2660"]
[PlyCount "134"]
[EventDate "2016.??.??"]

1. e4 e5 2. Nf3 Nc6 3. Bb5 a6 4. Ba4 Nf6 5. O-O Be7 6. d3 d6 7. c3 O-O 8. Re1
Re8 9. d4 b5 10. Bc2 exd4 11. cxd4 Bg4 12. Nc3 Bxf3 13. gxf3 Qd7 14. d5 Na5 15.
Ne2 c6 16. dxc6 Nxc6 17. Ng3 d5 18. a3 Bc5 19. Be3 Bxe3 20. fxe3 Rad8 21. exd5
Nxd5 22. Be4 Ne5 23. Qc2 g6 24. Kg2 Nc4 25. Bxd5 Qxd5 26. Ne4 Qe5 27. Qc3 Qxc3
28. bxc3 Kg7 29. a4 f5 30. Nc5 Rd2+ 31. Kh1 bxa4 32. Rxa4 Rxe3 33. Rxe3 Nxe3
34. h4 Kh6 35. Rxa6 Rf2 36. Ra7 Rxf3 37. Nd7 Kh5 38. Ne5 Rf1+ 39. Kh2 h6 40.
Rg7 Ng4+ 41. Kg2 Ne3+ 42. Kh2 Rf4 43. Kg3 Re4 44. Nf3 Rg4+ 45. Kf2 Nd1+ 46. Kf1
Nxc3 47. Ne5 Rg3 48. Rh7 g5 49. hxg5 Kxg5 50. Rg7+ Kf4 51. Ng6+ Ke4 52. Rc7 Nd5
53. Rc4+ Kd3 54. Ne5+ Ke3 55. Rh4 f4 56. Rxh6 Ke4 57. Nc4 Kd4 58. Rc6 Rc3 59.
Na5 Ra3 60. Nc4 Ra2 61. Nd6 Ne3+ 62. Ke1 f3 63. Nb5+ Ke5 64. Rc5+ Kf6 65. Rc6+
Kg5 66. Rc5+ Kh4 67. Rc1 f2# 0-1

[Event "BL 1516 Werder Bremen - Bayern München"]
[Site "?"]
[Date "2016.03.12"]
[Round "10.4"]
[White "Bluebaum, Matthias"]
[Black "Belezky, Alexander"]
[Result "1-0"]
[WhiteElo "2605"]
[BlackElo "2448"]
[PlyCount "55"]
[EventDate "2016.??.??"]

1. d4 Nf6 2. c4 e6 3. Nf3 Bb4+ 4. Nbd2 b6 5. a3 Bxd2+ 6. Qxd2 Bb7 7. e3 O-O 8.
Be2 d6 9. b4 Nbd7 10. Bb2 Ne4 11. Qc2 f5 12. O-O Ng5 13. d5 Nxf3+ 14. Bxf3 e5
15. e4 f4 16. c5 Nf6 17. Rfc1 Rf7 18. a4 a6 19. cxb6 cxb6 20. b5 a5 21. Ba3 Rc8
22. Qd1 Rxc1 23. Rxc1 g6 24. Rc6 Ne8 25. Bg4 Kf8 26. f3 Ke7 27. Qa1 Kf6 28.
Qxe5+ 1-0

[Event "BL 1516 Werder Bremen - Bayern München"]
[Site "?"]
[Date "2016.03.12"]
[Round "10.5"]
[White "Meister, Peter"]
[Black "Edouard, Romain"]
[Result "0-1"]
[WhiteElo "2368"]
[BlackElo "2620"]
[PlyCount "66"]
[EventDate "2016.??.??"]

1. d4 e6 2. Nf3 c5 3. e3 Nf6 4. Bd3 b6 5. O-O Bb7 6. c4 d6 7. Nc3 a6 8. a4 Be7
9. d5 exd5 10. cxd5 Nxd5 11. Nxd5 Bxd5 12. Bxh7 Be6 13. Bb1 d5 14. e4 d4 15.
Ba2 Bxa2 16. Rxa2 Nc6 17. b3 Qd6 18. Re1 O-O-O 19. e5 Qg6 20. Rae2 Nb4 21. Re4
Nd5 22. Bd2 Ne3 23. Bxe3 Qxe4 24. Bg5 Qb7 25. Qd3 Bxg5 26. Nxg5 Kb8 27. Ne4
Rhe8 28. f4 f6 29. a5 fxe5 30. fxe5 Re7 31. Qg3 d3 32. Nd6 Qd5 33. axb6 d2 0-1

[Event "BL 1516 Werder Bremen - Bayern München"]
[Site "?"]
[Date "2016.03.12"]
[Round "10.6"]
[White "Smerdon, David"]
[Black "Loeffler, Stefan"]
[Result "1-0"]
[WhiteElo "2521"]
[BlackElo "2375"]
[PlyCount "87"]
[EventDate "2016.??.??"]

1. e4 Nf6 2. e5 Nd5 3. Nc3 e6 4. d4 d6 5. Nf3 dxe5 6. Nxe5 Nd7 7. Bd3 Nxe5 8.
dxe5 Nxc3 9. bxc3 Qd5 10. Qe2 Bd7 11. Qe4 Bc6 12. Qxd5 Bxd5 13. f3 Bc5 14. Ke2
O-O-O 15. Be3 Bxe3 16. Kxe3 Rd7 17. h4 Bc6 18. c4 h5 19. Rad1 Kd8 20. Be2 Rxd1
21. Rxd1+ Ke7 22. Bd3 f6 23. Kf4 Rg8 24. Bg6 Rf8 25. exf6+ Kxf6 26. Bxh5 Rh8
27. g4 g6 28. g5+ Kf7 29. Bg4 Rxh4 30. Ke5 Rh2 31. Bxe6+ Ke7 32. Bd5 Re2+ 33.
Kd4 Bxd5 34. cxd5 Rxc2 35. Re1+ Kd7 36. Re6 c5+ 37. Kd3 Rxa2 38. Rxg6 Ra4 39.
Rg7+ Kd6 40. g6 Ra1 41. Rg8 Ke7 42. d6+ Kf6 43. Rd8 Kxg6 44. d7 1-0

[Event "BL 1516 Werder Bremen - Bayern München"]
[Site "?"]
[Date "2016.03.12"]
[Round "10.7"]
[White "Unzicker, Ferdinand"]
[Black "Werle, Jan"]
[Result "0-1"]
[WhiteElo "2307"]
[BlackElo "2555"]
[PlyCount "58"]
[EventDate "2016.??.??"]

1. d4 Nf6 2. c4 e6 3. Nc3 Bb4 4. e3 O-O 5. Bd3 d5 6. Nf3 b6 7. O-O c5 8. Qe2
Ba6 9. Rd1 cxd4 10. exd4 dxc4 11. Bxc4 Bxc4 12. Qxc4 Bxc3 13. bxc3 Qd5 14. Qd3
Rc8 15. Bb2 Nbd7 16. Nd2 Ne5 17. Qa6 Nc4 18. Nxc4 Qxc4 19. Qxc4 Rxc4 20. a4 Nd5
21. Ra3 Rac8 22. Rd3 h6 23. Kf1 g5 24. h4 Kg7 25. Ke1 Kg6 26. hxg5 hxg5 27. Rh3
e5 28. dxe5 Nf4 29. Rf3 Rd8 0-1

[Event "BL 1516 Werder Bremen - Bayern München"]
[Site "?"]
[Date "2016.03.12"]
[Round "10.8"]
[White "Markgraf, Alexander"]
[Black "Zwanzger, Johannes"]
[Result "1-0"]
[WhiteElo "2502"]
[BlackElo "2265"]
[PlyCount "97"]
[EventDate "2016.??.??"]

1. e4 c5 2. Nf3 e6 3. d4 cxd4 4. Nxd4 Nc6 5. Nc3 Qc7 6. Be3 a6 7. Qd2 Nf6 8.
O-O-O Be7 9. f3 b5 10. Kb1 Bb7 11. Bf4 Qb6 12. Nb3 d6 13. Bxd6 O-O-O 14. Qf4 g5
15. Qg3 Bxd6 16. Rxd6 Rxd6 17. Qxd6 Rd8 18. Qc5 Qxc5 19. Nxc5 b4 20. Ne2 Rd1+
21. Nc1 Rd2 22. N5b3 Rd1 23. c3 bxc3 24. bxc3 Kc7 25. Kc2 Rd8 26. Nc5 a5 27.
Bb5 Ne5 28. N1d3 Nxd3 29. Nxd3 Nh5 30. a4 Nf4 31. h4 Nxd3 32. Bxd3 Rg8 33. hxg5
Rxg5 34. Rxh7 Rxg2+ 35. Kb3 Bc6 36. Rxf7+ Kd6 37. Bb5 Bxb5 38. axb5 Kc5 39. c4
Rg1 40. Rc7+ Kd4 41. Rd7+ Kc5 42. Rc7+ Kd4 43. Ka2 Kc3 44. b6 Rg2+ 45. Ka3 Rg1
46. Ka4 Ra1+ 47. Kb5 a4 48. Ra7 a3 49. b7 1-0

[Event "BL 1516 SV Griesheim - USV TU Dresden"]
[Site "?"]
[Date "2016.03.12"]
[Round "10.1"]
[White "Almasi, Zoltan"]
[Black "Bulski, Krzysztof"]
[Result "1-0"]
[WhiteElo "2680"]
[BlackElo "2537"]
[PlyCount "120"]
[EventDate "2016.??.??"]

1. e4 c5 2. Nf3 e6 3. d4 cxd4 4. Nxd4 Nc6 5. Nc3 Qc7 6. Be2 a6 7. O-O Nf6 8.
Be3 Be7 9. f4 d6 10. Qe1 O-O 11. Qg3 Nxd4 12. Bxd4 b5 13. a3 Bb7 14. Kh1 Rad8
15. Rae1 Rd7 16. Bd3 Re8 17. a4 b4 18. Na2 a5 19. c3 bxc3 20. Nxc3 Bc6 21. Nd5
Qd8 22. Rc1 exd5 23. Rxc6 dxe4 24. Bxe4 Rc7 25. Rfc1 Rxc6 26. Bxc6 Rf8 27. Bb5
g6 28. Qe1 Nd5 29. Qe4 Nb4 30. Rd1 Bf6 31. Bc5 Qa8 32. Qxa8 Rxa8 33. Bxb4 axb4
34. b3 Kf8 35. Bc4 Ke7 36. Rd5 Ra7 37. Rb5 Bc3 38. Bd5 Kd8 39. g3 f6 40. Kg2
Kc8 41. Kf3 Kc7 42. h4 Be1 43. a5 Bc3 44. Ke2 Bb2 45. Be4 Bc3 46. h5 f5 47. Bf3
Bf6 48. Kd3 Bc3 49. Ke2 Bf6 50. h6 Be7 51. Rxb4 Rxa5 52. Rb7+ Kd8 53. Rb8+ Kd7
54. Rh8 Ra2+ 55. Kf1 Bf6 56. Rxh7+ Ke6 57. Be2 g5 58. fxg5 Bxg5 59. Rh8 Bf6 60.
Re8+ Kd5 1-0

[Event "BL 1516 SV Griesheim - USV TU Dresden"]
[Site "?"]
[Date "2016.03.12"]
[Round "10.2"]
[White "Le Roux, Jean-Pierre"]
[Black "Bartel, Mateusz"]
[Result "1/2-1/2"]
[WhiteElo "2562"]
[BlackElo "2625"]
[PlyCount "50"]
[EventDate "2016.??.??"]

1. e4 e6 2. d4 d5 3. Nd2 Be7 4. e5 c5 5. c3 Nc6 6. Bd3 cxd4 7. cxd4 Qb6 8. Ndf3
Nh6 9. Ne2 Nf5 10. O-O Nh4 11. Ne1 O-O 12. a3 a5 13. Be3 Bd7 14. Nc3 f6 15.
exf6 Bxf6 16. g3 Ng6 17. Na4 Qd8 18. Nc5 Bc8 19. Bxg6 hxg6 20. Nf3 g5 21. Nd3
Bd7 22. Rc1 Be8 23. Nfe5 Bxe5 24. Nxe5 Nxe5 25. dxe5 Bc6 1/2-1/2